| 000 | 00327 a2200145 4500 | ||
|---|---|---|---|
| 003 | Nust | ||
| 005 | 20170207153449.0 | ||
| 040 | _cNust | ||
| 082 | _a920.13 | ||
| 100 | _aInsha,Ibn-e | ||
| 245 |
_aIbn-e- Batotta Ky Taquab main _bSafar Nama _cIbn-e-Insha |
||
| 260 |
_aLahore _bLahore Academy |
||
| 300 | _a294:p | ||
| 650 | _aBiography | ||
| 942 |
_2ddc _cBK |
||
| 999 |
_c186806 _d186806 |
||